| 000 | 00970cam a2200277 4500 | ||
|---|---|---|---|
| 001 | ABS67226 | ||
| 008 | 031128n2003 000 0 eng u | ||
| 035 | _a(Sirsi) u124507 | ||
| 100 | _aStevenson, N. | ||
| 245 | _aSpecial report: call centres and serviced offices | ||
| 260 | _c2003 | ||
| 490 |
_aProperty Week _v68(41) 17 October 2003, 53-64-(6) |
||
| 520 | _aTwo articles which examine how big players in the serviced offices sector hope it will be the first market to recover from the economic downturn, and how UK call centres are fighting back against the exodus overseas. | ||
| 590 | _aABS | ||
| 650 | _aSERVICED OFFICES | ||
| 650 | _aCALL CENTRES | ||
| 650 | _aINDIA | ||
| 650 | _aECONOMIC DOWNTURN | ||
| 650 | _aRECOVERY | ||
| 650 | _aOUTSOURCING | ||
| 650 | _aJOB LOSSES | ||
| 650 | _aPROPERTY-COMMERCIAL PROPERTY-OFFICE PROPERTY-OFFICE PROPERTY MARKET | ||
| 650 | _aDEREGULATION | ||
| 690 | _aPROPERTY-COMMERCIAL PROPERTY | ||
| 942 | _n0 | ||
| 999 |
_c73885 _d73885 |
||